00000000nam 2200000zi 4500
0019.947072
003CaOODSP
00520250303103444
006m     o  d f      
007cr |n|||||||||
008250117s1953    oncad   o    f000 0 eng d
040 |aCaOODSP|beng|erda|cCaOODSP
043 |an-cn-ns
0861 |aA52-256/1953E-PDF
0861 |zA51-85E-PDF
24500|aExperimental Station, Kentville, N.S. : |bprogress report for the years 1947 to 1951.
264 1|aOttawa, Canada : |bMinister of Agriculture, |c[1953]
300 |a1 online resource (89 pages) : |billustrations, chart
336 |atext|btxt|2rdacontent
337 |acomputer|bc|2rdamedia
338 |aonline resource|bcr|2rdacarrier
500 |aDigitized edition from print [provided by Agriculture and Agri-Food Canada].
550 |aIssued by Experimental Farms Service.
61025|aExperimental Station (Kentville, N.S.)
61025|aStation expérimentale (Kentville, N.-É.)
650 0|aAgricultural experiment stations|zNova Scotia|zKentville.
650 6|aStations agronomiques|zNouvelle-Écosse|zKentville.
7102 |aExperimental Station (Kentville, N.S.), |eissuing body.
7102 |aDominion Experimental Farms and Stations (Canada), |eissuing body.
7101 |aCanada. |bExperimental Farms Service, |eissuing body.
85640|qPDF|s15.50 MB|uhttps://publications.gc.ca/collections/collection_2024/aac-aafc/A51-85-1947-eng.pdf
986 |a10M—17332—7:53